مستخلصات الابحاث المدعمة من داخل الجامعة خلال المدة من 1406- 1420 : (Record no. 8974)

MARC details
000 -LEADER
fixed length control field 00723nam a22001817a 4500
005 - DATE AND TIME OF LATEST TRANSACTION
control field 20260611093306.0
008 - FIXED-LENGTH DATA ELEMENTS--GENERAL INFORMATION
fixed length control field 260611b |||||||| |||| 00| 0 eng d
020 ## - INTERNATIONAL STANDARD BOOK NUMBER
International Standard Book Number 9960603598
040 ## - CATALOGING SOURCE
Transcribing agency .
082 ## - DEWEY DECIMAL CLASSIFICATION NUMBER
Classification number 378 , 53123 M519 2003
100 ## - MAIN ENTRY--PERSONAL NAME
Personal name جامعة الملك عبدالعزيز
245 ## - TITLE STATEMENT
Title مستخلصات الابحاث المدعمة من داخل الجامعة خلال المدة من 1406- 1420 :
Remainder of title العلوم البحتة /
Statement of responsibility, etc. جامعة الملك عبدالعزيز
250 ## - EDITION STATEMENT
Edition statement 1 ط
260 ## - PUBLICATION, DISTRIBUTION, ETC.
Name of publisher, distributor, etc. السعودية , جدة , جامعة الملك عبدالعزيز , 2003
300 ## - PHYSICAL DESCRIPTION
Extent 292 ص
Dimensions 29 سم
650 ## - SUBJECT ADDED ENTRY--TOPICAL TERM
Geographic subdivision جامعة الملك عبدالعزيز - بحوث
942 ## - ADDED ENTRY ELEMENTS (KOHA)
Source of classification or shelving scheme Dewey Decimal Classification
Koha item type Arabic Book
Suppress in OPAC No
Holdings
Withdrawn status Lost status Source of classification or shelving scheme Damaged status Not for loan Home library Current library Date acquired Total Checkouts Full call number Barcode Date last seen Copy number Price effective from Koha item type
    Dewey Decimal Classification     CENTRAL CENTRAL 06/16/2026   378 , 53123 M519 2003 1000000018156 06/16/2026 C1 06/16/2026 Arabic Book